000 nam a22 7a 4500
999 _c51409
_d51409
003 OSt
005 20220328164405.0
008 220328b xxu||||| |||| 00| 0 eng d
040 _cIIMT UNIVERSITY MEERUT
100 _aSINGH,PANKAJ
245 _aANDHER NAGRI
260 _aNEW DELHI
_bVANI PRAKSHAN
_c2019
300 _a71
942 _2ddc
_c01